بازگشت (Record no. 608190)

000 -LEADER
fixed length control field 00616nam a2200205 a 4500
003 - CONTROL NUMBER IDENTIFIER
control field OSt
005 - DATE AND TIME OF LATEST TRANSACTION
control field 20240226125409.0
008 - FIXED-LENGTH DATA ELEMENTS--GENERAL INFORMATION
fixed length control field 180219t2011 pk | |||| 00| j urd d
020 ## - INTERNATIONAL STANDARD BOOK NUMBER
International Standard Book Number 9789693500868
040 ## - CATALOGING SOURCE
Transcribing agency 0
082 ## - DEWEY DECIMAL CLASSIFICATION NUMBER
Classification number 891.4393
Author Mark BAN 2011
100 1# - MAIN ENTRY--PERSONAL NAME
Personal name بانوقدسیہ
9 (RLIN) 121226
245 10 - TITLE STATEMENT
Title بازگشت
Statement of responsibility, etc. Bano Qudsia
246 ## - VARYING FORM OF TITLE
Title proper/short title Baazgusht
260 ## - PUBLICATION, DISTRIBUTION, ETC.
Place of publication, distribution, etc. Lahore:
Name of publisher, distributor, etc. Sang e Meel Pub;
Date of publication, distribution, etc. 2011.
300 ## - PHYSICAL DESCRIPTION
Extent 299 p.
650 ## - SUBJECT ADDED ENTRY--TOPICAL TERM
Topical term or geographic name entry element Urdu literature
Form subdivision Short Stories
9 (RLIN) 1444
942 ## - ADDED ENTRY ELEMENTS (KOHA)
Source of classification or shelving scheme
Koha item type Book
Institution code [OBSOLETE] SADA
Call number prefix 891.4393 BAN 2011
Holdings
Withdrawn status Lost status Source of classification or shelving scheme Damaged status Not for loan Permanent Location Current Location Date acquired Source of acquisition Total Checkouts Full call number Barcode Date last seen Cost, replacement price Price effective from Koha item type
          School of Art Design and Architecture (SADA) School of Art Design and Architecture (SADA) 02/09/2018 Donation   891.4393 BAN 2011 SADAD0000289 02/26/2024 402.50 02/26/2024 Book
© 2023 Central Library, National University of Sciences and Technology. All Rights Reserved.